| 000 | | | 04093cmc2a22000002x 450 |
| 001 | | | e92d2ec4653c4dd7a79806d87e043c71 |
| 005 | | | 20170530142738.0 |
| 100 | ## | $a | 20130919l19081909k y0rusy0189 ca |
| 101 | 0# | $a | rus |
| 102 | ## | $a | RU |
| 225 | 0# | $a | Фонд Совет министров (1905-1917) |
| | $h | Опись № 4 |
| | $i | 1908 г. |
| 300 | ## | $a | Машинописный текст. Чернила |
| 300 | ## | $a | Оригинальный заголовок дела: По прошениям капитана 2 ранга Страховского |
| 324 | ## | $a | Пленка |
| 801 | #0 | $a | RU |
| | $b | РГИА |
| | $c | 20130919 |
| 801 | #1 | $a | RU |
| | $b | ГлавНИВЦ |
| | $c | 20130919 |
| | $2 | rusmarc |
| 801 | #2 | $a | RU |
| | $b | ПБ им. Б.Н. Ельцина |
| | $c | 20130919 |
| | $g | RCR |
| | $2 | rusmarc |
| 850 | ## | $a | Федеральное казенное учреждение "Российский государственный исторический архив" (РГИА) |
| 852 | ## | $a | РГИА |
| | $j | 410 |
| 937 | ## | $a | ASBIBLIO_SCAN |
| | $b | РГИА_1276:_4:_410: |
| | $d | 1408951 |
| | $h | РГИА |
| 200 | 1# | $a | По прошению капитана 3-го ранга Б. Страховского о разрешении ему учреждения акционерного параходного и страхового общества "Пароходство-Каботаж" для перевозки грузов между Россией и Швецией. Записка Б. Страховского о росте германского торгового флота и необходимости развития русского флота и необходимости развития русского флота в Балтийском море (лл. 11-15) |
| | $j | 4 декабря 1908 года - 9 октября 1909 года |
| 215 | ## | $a | 40 листов |
| 035 | ## | $a | e92d2ec4653c4dd7a79806d87e043c71 |
| 122 | 2# | $a | d19081204## |
| | $a | d19091009## |
| 251 | ## | $c | Дело |
| 461 | #0 | $1 | 001c7912e80-a322-4844-9992-beca65726c82 |
| | $1 | 2001 |
| | $a | Совет министров (1905-1917) |
| | $1 | 251 |
| | $c | Фонд |
| | $1 | 852 |
| | $j | 1276 |
| 462 | #0 | $1 | 00128effbc8-45a8-4844-a30d-fda4587ad6d6 |
| | $1 | 2001 |
| | $a | 1908 г. |
| | $v | Д. 410 |
| | $1 | 251 |
| | $c | Опись |
| | $1 | 852 |
| | $j | 4 |
| 517 | 1# | $a | По прошениям капитана 2 ранга Страховского |